000 00401nam a2200181Ia 4500
005 20250603144440.0
008 250603s9999 xx 000 0 und d
020 _a978-1-85326-192-3
050 _aPR 4656 .A1/
100 _a Eliot, George
245 0 _aAdam bede
260 _aLondon
260 _bWordsworth Classics
260 _c2003
300 _a485 p
650 _aLondon
942 _cBK
999 _c38951
_d38951